Электротехника. Ч. 1 (Запись № 11200159)

Подробности
000 -МАРКЕР
контрольное поле 01625nam2a2200277 4500
001 - ИДЕНТИФИКАТОР ЗАПИСИ
контрольное поле RU\NLR\BIBL_A\011664474
005 - ИДЕНТИФИКАТОР ВЕРСИИ
контрольное поле 20180416111222.0
010 ## - МЕЖДУНАРОДНЫЙ СТАНДАРТНЫЙ НОМЕР КНИГИ (ISBN)
Номер (ISBN) 978-5-9227-0696-4
010 ## - МЕЖДУНАРОДНЫЙ СТАНДАРТНЫЙ НОМЕР КНИГИ (ISBN)
Номер (ISBN) 978-5-9227-0697-1
Тираж 100
021 ## - НОМЕР ГОСУДАРСТВЕННОЙ РЕГИСТРАЦИИ
Код страны Российская Федерация
Номер КН-П-18-012893
Номер Листа государственной регистраци КН-П-18-0923
035 ## - ДРУГИЕ СИСТЕМНЫЕ НОМЕРА
Идентификатор записи (NLR Aleph) 011664474
035 ## - ДРУГИЕ СИСТЕМНЫЕ НОМЕРА
Идентификатор записи (RuMoRGB)009551341
100 ## - ДАННЫЕ ОБЩЕЙ ОБРАБОТКИ
Данные общей обработки 20180326d2016 u y0rusy50 ca
101 0# - ЯЗЫК РЕСУРСА
Язык текста, звукозаписи и т.д. русский
102 ## - СТРАНА ПУБЛИКАЦИИ ИЛИ ПРОИЗВОДСТВА
Страна публикации Российская Федерация
105 ## - ПОЛЕ КОДИРОВАННЫХ ДАННЫХ: ТЕКСТОВЫЕ МАТЕРИАЛЫ, МОНОГРАФИЧЕСКИЕ
Кодированные данные о монографическом текстовом документе a j 000zy
200 0# - ЗАГЛАВИЕ И СВЕДЕНИЯ ОБ ОТВЕТСТВЕННОСТИ
Основное заглавие Ч. 1
210 ## - ПУБЛИКАЦИЯ, РАСПРОСТРАНЕНИЕ И ДР.
Дата издания, распространения и т.д. 2016
215 ## - ФИЗИЧЕСКАЯ ХАРАКТЕРИСТИКА
Специфическое обозначение материала и объем 407, [1] с.
Другие сведения о физической характеристике ил., табл.
320 ## - ПРИМЕЧАНИЯ О НАЛИЧИИ В ДОКУМЕНТЕ БИБЛИОГРАФИИ / УКАЗАТЕЛЯ
Текст примечания Библиогр.: с. 404 (17 назв.)
461 #0 - УРОВЕНЬ НАБОРА
Встроенное поле 001RU\NLR\BIBL_A\011681778
-- 2001#$aЭлектротехника$eучебное пособие$e[в 2 ч.]$fА. В. Бондаренко, А. А. Лебедева$gМинистерство образования и науки Российской Федерации, Санкт-Петербургский государственный архитектурно-строительный университет$vЧ. 1
-- 700#1$aБондаренко$bА. В.$gАнатолий Васильевич
Системный номер (АБИС) связанной записи 11290480
Автор Бондаренко, А. В.
Место публикации Санкт-Петербург
Дата публикации 2016
Издание [2-е изд., испр. и доп.]
Первые сведения об ответственности А. В. Бондаренко, А. А. Лебедева
Имя издателя, распространителя и т.д. Санкт-Петербургский государственный архитектурно-строительный университет
Сведения, относящиеся к заглавию учебное пособие : [в 2 ч.]
Заглавие Электротехника
Номер тома Ч. 1
942 ## - ДОПОЛНИТЕЛЬНЫЕ ЭЛЕМЕНТЫ ЗАПИСИ (АБИС)
Тип экземпляра АБИС Книга
980 ## - КОЛЛЕКЦИЯ
Название коллекции Национальная библиография
Экземпляры
Тип экземпляра Дата поступления Источник поступления Стоимость Библиотека постоянного хранения Библиотека текущего хранения Место хранения Шифр хранения Штрих-код Статус экземпляра
Книга 26.03.2018 Обязательный экземпляр 0.00 РНБ (Московский) РНБ (Московский) Русский книжный фонд: издания с 1957 года 2018-3/8202 1-2224583  
Книга 26.03.2018 Обязательный экземпляр 0.00 РНБ (Московский) РНБ (Московский) Русский книжный фонд: издания с 1957 года 2018-3/8202 1-2224584